<?xml version="1.0" encoding="UTF-8"?>
<marc:record xmlns:marc="http://www.loc.gov/MARC21/slim">
   <marc:leader>00000nam a2200000 a 4500</marc:leader>
   <marc:datafield ind1="1" ind2=" " tag="100">
      <marc:subfield code="a">Ahner, Dirk</marc:subfield>
      <marc:subfield code="4">aut</marc:subfield>
      <marc:subfield code="e">Verfasser/-in</marc:subfield>
   </marc:datafield>
   <marc:datafield ind1="0" ind2="0" tag="245">
      <marc:subfield code="a">Herr Hempel will auch in die Schule</marc:subfield>
   </marc:datafield>
   <marc:datafield ind1=" " ind2="1" tag="264">
      <marc:subfield code="a">München</marc:subfield>
      <marc:subfield code="b">cbj</marc:subfield>
      <marc:subfield code="c">2015</marc:subfield>
   </marc:datafield>
   <marc:datafield ind1="1" ind2=" " tag="490">
      <marc:subfield code="a">Schau mal, wer da spricht!</marc:subfield>
   </marc:datafield>
   <marc:datafield ind1="1" ind2=" " tag="520">
      <marc:subfield code="a">Angaben aus der Verlagsmeldung

Schau mal, wer da spricht - Herr Hempel will auch in die Schule : Band 2 / von Dirk Ahner

Herr Hempel und das Schuldingsbums

Herr Hempel wundert sich: Was haben Leon und Lina nur immer mit diesem Schuldingsbums, das muss ja wirklich aufregend sein. Und da ihm zu Hause unter dem Sofa ohnehin langweilig ist, beschließt er, heimlich mitzukommen in die Schule. Klar, dass er dort mit Pupskissen, Papierfliegern und Silvesterkrachern für allerhand Chaos sorgt. Das denken zumindest Leon und Lina – schließlich hat Herr Hempel immer nur Unsinn im Kopf! Doch dann machen die Zwillinge eine erstaunliche Entdeckung.

</marc:subfield>
   </marc:datafield>
   <marc:datafield ind1=" " ind2=" " tag="020">
      <marc:subfield code="a">9783570158579</marc:subfield>
      <marc:subfield code="9">9783570158579</marc:subfield>
   </marc:datafield>
   <marc:datafield ind1=" " ind2=" " tag="041">
      <marc:subfield code="a">ger</marc:subfield>
   </marc:datafield>
   <marc:datafield ind1=" " ind2=" " tag="300">
      <marc:subfield code="a">40 S.</marc:subfield>
   </marc:datafield>
</marc:record>
